MARC

LEADER 00000nam0a2200000 4500
001 41963
005 20231031014746.0
010 |a 5932081171 
035 |a (RuTPU)RU\TPU\book\43107 
090 |a 41963 
100 |a 20020704d2002 m y0rusy50 ca 
101 0 |a rus 
102 |a RU 
105 |a a j 001zy 
200 1 |a Моделирование и формализация  |e Методическое пособие  |f С. А. Бешенков, Е. А. Ракитина 
210 |a Москва  |c Лаборатория Базовых Знаний  |d 2002 
215 |a 336 с.  |c ил. 
225 1 |a Информатика 
320 |a Библиогр.: с. 331-333 
610 1 |a информатика 
610 1 |a моделирование 
610 1 |a формализация 
610 1 |a модели 
610 1 |a оценка 
610 1 |a языки моделирования 
610 1 |a методические пособия 
610 1 |a учебные пособия 
675 |a 681.3.06(07)  |v 3 
700 1 |a Бешенков  |b С. А.  |g Сергей Александрович 
701 1 |a Ракитина  |b Е. А.  |g Елена Александровна 
801 1 |a RU  |b 63413507  |c 20020704  |g PSBO 
801 2 |a RU  |b 63413507  |c 20181225  |g PSBO 
942 |c BK